| 000 | 00375 a2200133 4500 | ||
|---|---|---|---|
| 005 | 20250627130718.0 | ||
| 020 | _a0-471-60754-1 | ||
| 082 | _a658.15 LER | ||
| 100 | _aLERE, J.C. | ||
| 245 | _aManagerial Accounting: a Planning-Operating-Control Framework, | ||
| 260 |
_aNew York, _bJohn Wiley & Sons, _c1991. |
||
| 300 |
_axxvii,; 1120p: ill, _bIndex, _c26cm. |
||
| 942 |
_2ddc _cBKS |
||
| 999 |
_c5645 _d5645 |
||